Growth and change in a Shona ward (Record no. 4952)
[ view plain ]
| 000 -LEADER | |
|---|---|
| fixed length control field | 00483nam a2200181Ia 4500 |
| 003 - CONTROL NUMBER IDENTIFIER | |
| control field | 0100 |
| 008 - FIXED-LENGTH DATA ELEMENTS--GENERAL INFORMATION | |
| fixed length control field | 130227s9999 xx 000 0 und d |
| 040 ## - CATALOGING SOURCE | |
| Transcribing agency | ARRUPELIB |
| 050 ## - LIBRARY OF CONGRESS CALL NUMBER | |
| Classification number | SPC DT2831.O2 N.1 |
| 100 ## - MAIN ENTRY--PERSONAL NAME | |
| Personal name | Garbett, G. Kingsley |
| 9 (RLIN) | 28478 |
| 245 ## - TITLE STATEMENT | |
| Title | Growth and change in a Shona ward |
| 260 ## - PUBLICATION, DISTRIBUTION, ETC. (IMPRINT) | |
| Place of publication, distribution, etc | Salisbury |
| 260 ## - PUBLICATION, DISTRIBUTION, ETC. (IMPRINT) | |
| Name of publisher, distributor, etc | University College of Rhoidesia & Nyasaland |
| 300 ## - PHYSICAL DESCRIPTION | |
| Extent | 100p |
| 300 ## - PHYSICAL DESCRIPTION | |
| Other physical details | 25cm |
| 440 ## - SERIES STATEMENT/ADDED ENTRY--TITLE | |
| Title | Occasional paper n.1 |
| 9 (RLIN) | 28479 |
| 942 ## - ADDED ENTRY ELEMENTS (KOHA) | |
| Source of classification or shelving scheme | Library of Congress Classification |
| Item type | Monograph ( Printed materials) |
| Withdrawn status | Lost status | Source of classification or shelving scheme | Damaged status | Not for loan | Collection code | Home library | Current library | Shelving location | Date acquired | Total Checkouts | Full call number | Barcode | Date last seen | Date last borrowed | Copy number | Price effective from | Koha item type |
|---|---|---|---|---|---|---|---|---|---|---|---|---|---|---|---|---|---|
| Library of Congress Classification | Main Collection | ARRUPE LIBRARY | ARRUPE LIBRARY | Main Collection | 27/02/2013 | 1 | SPC DT2831.O2 n.1 | 46406432 | 06/12/2017 | 25/01/2017 | 1 | 27/02/2013 | Monograph ( Printed materials) |